000 00681nam a2200253Ia 4500
001 315
005 20240113233409.0
007 ta
008 050110s2000 a g b000 u eng u
020 _a0-14-100262-x
040 _aCotton College,Assam
041 _aeng
082 _a923
_bAl 68 Ne
100 _aAllen, Robert .
245 0 _aNew Penguin English Dictionary /
_cRobert Allen.
_hTextual Documents
250 _a1st ed. /
260 _aNew Delhi :
_bPenguin books ,
_c2000.
300 _a1641p. :
_bill ;
_c23cm .
653 _aEnglish language-Dictionaries
653 _aRef-Dictionaries
942 _2ddc
_cBK
999 _c314
_d314